LEADER 01171nam a2200241 i 4500 001 000000141589 003 CaOOAMICUS 005 20050722000000.0 008 050722s1980 gw u000 u ger u 013 $a116241 020 $a3-525-87493-6 040 $aSeMil$bita 245 10$aReligion als Problem der Aufklärung :$bEine Bilanz aus der religionstheoretischen Forschung /$cmit Beiträgen von Wilhelm Dupré ... [et al.] ; herausgegeben von Trutz Rendtorff. 260 $aGöttingen :$bVandenhoeck & Ruprecht,$c1980. 300 $a256 p. ;$c25 cm. 650 4$aFilosofia della religione.$0(OLS)http://semarc/subject/504 700 1 $aRendtorff, Trutz,$d<1931-2016>.$0(OLS)http://semarc/name/9792 700 1 $aDupré, Wilhelm.$0(OLS)http://semarc/name/56908 850 $aSeMil 852 $aSeMil$W1$xVenegono$y1$m2R IV 284$j94809$B94809$CSeMilBibl$Z2$F100810 $81 996 $6020$a3-525-87493-6$9(OLS)http://semarc/number/129778 996 $6245$aReligion als Problem der Aufklärung :$bEine Bilanz aus der religionstheoretischen Forschung$9(OLS)http://semarc/title/206909 996 $6260$aGöttingen :$bVandenhoeck & Ruprecht$9(OLS)http://semarc/publisher/29697 LEADER 01857nam a2200337 i 4500 001 000000248524 003 CaOOAMICUS 005 20241128141002.0 008 160330s1647 it u000 u lat u 013 $a227429 026 $ed.r. *.s- a.is mesa (3) 1647 (R)$dpt. 1 026 $el.a- tet. amru tu&h (3) 1647 (R)$dpt. 2 040 $aSeMil$bita 100 1 $aGavanti, Bartolomeo,$d<1569-1638>.$0(OLS)http://semarc/name/3059 245 10$aThesaurus sacrorum rituum, seu Commentaria in rubricas missalis, et breviarii romani. Auctore admod. rever. p.d. Bartholomaeo Gavanto mediolanensi ... In quibus origo cuiusque ritus, causae historicae, vel mysticae, ... explicantur. 250 $aEditio octava locupletissima, emendatissima 260 $aVenetiis :$bApud Iuntas, et Baba,$c1647. 300 $a2 pt. ([48], 272; [32], 288 p.) ;$c4º. 500 $aTestatine, iniz. e fregi xilogr. 500 $aMarca (giglio fiorentino) su front. stampato in rosso e nero 500 $aSegn.: +-3+8 A-R8; ?-2?8 A-S8 500 $aTesto su due colonne 500 $aLa pt. 2 con proprio front. 650 4$aLiturgia - Enciclopedie e dizionari.$0(OLS)http://semarc/subject/731 650 4$aLiturgia - Opere anteriori al 1900.$0(OLS)http://semarc/subject/4840 700 1 $aGiunta,$c.$0(OLS)http://semarc/name/12684 850 $aSeMil 852 $aSeMil$W1$xVenegono$y1$m3K III 95 FA$j198870$B198870$CSeMilBibl$Z2$F210180 $8I 996 $6245$aThesaurus sacrorum rituum, seu Commentaria in rubricas missalis, et breviarii romani. Auctore admod. rever. p.d. Bartholomaeo Gavanto mediolanensi ... In quibus origo cuiusque ritus, causae historicae, vel mysticae, ... explicantur$9(OLS)http://semarc/title/350694 996 $6260$aVenetiis :$bApud Iuntas, et Baba$9(OLS)http://semarc/publisher/55274